000
00342nam a2200145Ia 4500
008
130318s9999 xx 000 0 und d
020
_a
8176566330
082
_a
005.133C KAN/E
100
_a
Kanetkar, Yashavant P
245
_a
Exploring C
260
_b
BPB
_a
New Delhi
_c
2006
300
_a
513
650
_a
C
650
_a
PROGRAMMING LANGUAGE
999
_c
1032
_d
1032